000 00492nam a2200181Ia 4500
001 24244
005 20260414151030.0
008 260414t2022||||xx |||||||||||||| ||spa||
041 _aESP
082 _a345.2
_bA89
100 _aAvalos Rodríguez, Constante Carlos
_eAUT
245 0 _aLo que se debe alegar y probar en las distintas audiencias del proceso penal
_b
260 _c2022
300 _a477 páginas :
_c25 cm.
650 _aDER
654 _aCDE
942 _cLIB
_dJUS
_fJUS
_2ddc
_n
999 _c24244
_d24244